LEADER 01142nam 2200373 450 001 9910138448903321 005 20221022133949.0 010 $a953-51-6631-X 035 $a(CKB)3230000000075816 035 $a(NjHacI)993230000000075816 035 $a(EXLCZ)993230000000075816 100 $a20221022d2012 uy 0 101 0 $aeng 135 $aur||||||||||| 181 $ctxt$2rdacontent 182 $cc$2rdamedia 183 $acr$2rdacarrier 200 00$aCongenital heart disease $eselected aspects /$fedited by P. Syamasundar Rao 210 1$aRijeka, Crotia :$cInTech,$d[2012] 210 4$dİ2012 215 $a1 online resource (366 pages) $cillustrations 311 $a953-307-472-8 320 $aIncludes bibliographical references. 517 $aCongenital heart disease 606 $aCongenital heart disease$xMolecular diagnosis 615 0$aCongenital heart disease$xMolecular diagnosis. 676 $a616.1042 702 $aRao$b P. Syamasundar 801 0$bNjHacI 801 1$bNjHacl 906 $aBOOK 912 $a9910138448903321 996 $aCongenital Heart Disease$91737389 997 $aUNINA